Quiz on famous people / (Record no. 15209)

MARC details
000 -LEADER
fixed length control field 00748cam a2200241 a 4500
001 - CONTROL NUMBER
control field ENG-90814
005 - DATE AND TIME OF LATEST TRANSACTION
control field 20080616095959.0
008 - FIXED-LENGTH DATA ELEMENTS--GENERAL INFORMATION
fixed length control field 080828t xxu||||| |||| 00| 0 eng d
010 ## - LIBRARY OF CONGRESS CONTROL NUMBER
LC control number ENG-90814
020 ## - INTERNATIONAL STANDARD BOOK NUMBER
International Standard Book Number 8189012282
Terms of availability 350.00
035 ## - SYSTEM CONTROL NUMBER
System control number EN-74347
037 ## - SOURCE OF ACQUISITION
Source of stock number/acquisition DBAD / PUB
040 ## - CATALOGING SOURCE
Original cataloging agency DPL
Language of cataloging English
082 ## - DEWEY DECIMAL CLASSIFICATION NUMBER
Classification number 000
100 ## - MAIN ENTRY--PERSONAL NAME
Personal name Iyer, Vijayalakshmi
245 ## - TITLE STATEMENT
Title Quiz on famous people /
Statement of responsibility, etc by Vijayalakshmi Iyer
260 ## - PUBLICATION, DISTRIBUTION, ETC. (IMPRINT)
Place of publication, distribution, etc Delhi :
Name of publisher, distributor, etc GNOSIS
Date of publication, distribution, etc 2007
300 ## - PHYSICAL DESCRIPTION
Extent v, 170 p.
Dimensions 22 cm (Hb)
490 ## - SERIES STATEMENT
Series statement Master yourself with quizes
942 ## - ADDED ENTRY ELEMENTS (KOHA)
Source of classification or shelving scheme Dewey Decimal Classification
Koha item type English Books
Call number suffix IYE
Classification part 000
Holdings
Withdrawn status Lost status Damaged status Not for loan Collection code Home library Current library Date acquired Cost, normal purchase price Total Checkouts Full call number Barcode Date last seen Cost, replacement price Price effective from Koha item type
      Not For Loan Non-fiction D.B.Act.Division D.B.Act.Division 28/08/2008 350.00   000 IYE EN-74347 15/09/2008 350.00 15/09/2008 English Books

© Delhi Public Library
Hit Counter
free hit counter